[Event "TCh-FIN 2006-7"]
[Site "Helsinki FIN"]
[Date "2006.11.19"]
[Round "5"]
[White "Kosmo,S"]
[Black "Topi Hulmi,T"]
[Result "0-1"]
[WhiteElo "2276"]
[BlackElo "2289"]

1.e4 c5 2.Nf3 Nc6 3.Bb5 e6 4.O-O Nge7 5.b3 a6 6.Bxc6 Nxc6 7.Bb2 d6 8.c4 e5
9.Nc3 Be7 10.Nd5 O-O 11.d3 f5 12.exf5 Bxf5 13.Qc2 Be6 14.Bc3 Rc8 15.a3 Qe8
16.Nd2 Bxd5 17.cxd5 Nd4 18.Bxd4 cxd4 19.Qa2 Qb5 20.Nc4 Rc7 21.Rac1 Rfc8 22.Qe2 Qe8
23.Rce1 b5 24.Na5 Qf7 25.Qe4 Bg5 26.Nc6 Rf8 27.g3 Qh5 28.Nxe5 dxe5 29.Qxe5 Re7
30.Qxd4 Bf6 31.Qc5 Rd7 32.Re6 Qxd5 33.Qxd5 Rxd5 34.Rxa6 Rxd3  0-1

[Event "TCh-FIN 2006-7"]
[Site "Jyvaskyla FIN"]
[Date "2006.11.19"]
[Round "5"]
[White "Ristoja,T"]
[Black "Franssila,T"]
[Result "0-1"]
[WhiteElo "2200"]
[BlackElo "2275"]

1.e4 c5 2.Nf3 Nc6 3.Bb5 g6 4.O-O Bg7 5.Bxc6 dxc6 6.d3 Nf6 7.Nbd2 Nd7 8.a4 e5
9.Nc4 Qe7 10.Bg5 f6 11.Bd2 Nf8 12.Re1 h5 13.b4 cxb4 14.d4 Be6 15.Qe2 exd4
16.e5 O-O-O 17.a5 Qc5 18.exf6 Bxf6 19.Nce5 Bg4 20.a6 b6 21.Nd3 Qf5 22.Bxb4 c5
23.Bxc5 bxc5 24.Ra5 Nd7 25.Nxc5 Bxf3 26.gxf3 d3 27.cxd3 Nxc5 28.d4 Bxd4 29.Qc4 Rhe8
30.Rc1 Re7  0-1

[Event "ch-CRO"]
[Site "Kutina CRO"]
[Date "2006.11.19"]
[Round "9"]
[White "Zelcic,R"]
[Black "Saric,Iv"]
[Result "1-0"]
[WhiteElo "2556"]
[BlackElo "2482"]

1.e4 c5 2.Nf3 Nc6 3.Bb5 g6 4.c3 Nf6 5.Qe2 Bg7 6.O-O O-O 7.e5 Nd5 8.Qe4 Nc7
9.Bxc6 dxc6 10.d4 cxd4 11.cxd4 Bf5 12.Qh4 Bxb1 13.Rxb1 Ne6 14.Be3 Re8 15.b4 Qd5
16.a4 Rad8 17.b5 c5 18.dxc5 Nxc5 19.Rbc1 b6 20.Bxc5 bxc5 21.Rfe1 e6 22.Qf4 h6
23.h4 Rd7 24.Rc4 Rc8 25.Rec1 Bf8 26.R4c3 Rdc7 27.Rc4 Qd3 28.R1c2 Rd7 29.Nd2 Qf5
30.Qe3 Rcd8 31.g4 Qd3 32.Qxd3 Rxd3 33.Ne4 R8d4 34.Kg2 Be7 35.g5 hxg5 36.hxg5 Kf8
37.f3 Rxc4 38.Rxc4 Rd5 39.f4 Ke8 40.Kf2 Kd7 41.Ke3 Kc7 42.a5 Kb7 43.Nc3 Rd8
44.Na4 Rd5 45.a6+ Kc7 46.Rc1 Rd7 47.Rc2 Kb8 48.Rh2 Bf8 49.Rc2 Be7 50.Kf3 Bf8
51.Rc1 Kc7 52.Rc3 Be7 53.Ke3 Bf8 54.Rd3 Rd5 55.Nc3 Rd4 56.Rxd4 cxd4+ 57.Kxd4 Kb6
58.Kc4 Ba3 59.Na4+ Kc7 60.Kd3 Bc1 61.Ke4 Bd2 62.b6+ axb6 63.a7 Kb7 64.Nxb6 Kxa7
65.Nc8+ Kb7 66.Nd6+ Kc7 67.Nxf7 Kd7 68.Nh8 Ke8 69.Nxg6 Be1 70.f5 Bd2 71.Nf4 exf5+
72.Kxf5  1-0

[Event "ch-CRO"]
[Site "Kutina CRO"]
[Date "2006.11.20"]
[Round "10"]
[White "Palac,M"]
[Black "Kozul,Z"]
[Result "0-1"]
[WhiteElo "2582"]
[BlackElo "2589"]

1.e4 c5 2.Nf3 Nc6 3.Bb5 Nf6 4.Nc3 Nd4 5.e5 Nxb5 6.Nxb5 Nd5 7.Ng5 f5 8.O-O a6
9.Nc3 Nc7 10.d4 cxd4 11.Qxd4 e6 12.a4 d5 13.exd6 Qxd6 14.Qxd6 Bxd6 15.Rd1 Be7
16.Bf4 Bxg5 17.Bxg5 Bd7 18.Bf4 Rc8 19.Be5 Bc6 20.Rd2 Kf7 21.b3 Ne8 22.Rad1 Nf6
23.f3 Rhg8 24.Kf2 Rge8 25.Ne2 b5 26.axb5 axb5 27.Nf4 Nd5 28.Nxd5 Bxd5 29.Ra1 Re7
30.Ra5 Rb7 31.b4 g5 32.c3 f4 33.Rd1 Kg6 34.Bd4 h5 35.Re1 Bc4 36.Re5 Rd7 37.Ra6 h4
38.h3 Rcd8 39.Ra5 Rxd4 40.cxd4 Rxd4 41.Raxb5 Rd1 42.Rxg5+ Kf6  0-1

[Event "ch-ESP Abierto"]
[Site "Leon ESP"]
[Date "2006.11.22"]
[Round "1"]
[White "Lacasa Diaz,J"]
[Black "Marcos Pinto,L"]
[Result "1-0"]
[WhiteElo "2410"]
[BlackElo "1987"]

1.e4 c5 2.Nf3 Nc6 3.Bb5 g6 4.Bxc6 bxc6 5.O-O Nf6 6.e5 Nd5 7.d4 cxd4 8.Qxd4 Bg7
9.Qh4 h5 10.Re1 d6 11.c4 Nb6 12.exd6 Qxd6 13.Bf4 Qd8 14.Nc3 Be6 15.Rad1 Qc8
16.Ng5 Bxc4 17.Bd6 O-O 18.Bxe7 Re8 19.Nge4 Qa6 20.Nf6+ Bxf6 21.Bxf6 Qa5 22.Rxe8+ Rxe8
23.Qe4 Rf8 24.Qxc6 Be6 25.h3 Qf5 26.Bd4 Rc8 27.Qb7 Qc2 28.Re1 Qxb2 29.Qe4 Qd2
30.Qe5 Qh6 31.Ne4 Nd7 32.Nf6+ Nxf6 33.Qxf6 Kh7 34.Rxe6 Qc1+ 35.Kh2 fxe6 36.Qf7+  1-0

[Event "19th Belgrade Trophy"]
[Site "Belgrade SRB"]
[Date "2006.11.24"]
[Round "3"]
[White "Bergsson,Sn"]
[Black "Nesovanovic,M"]
[Result "1-0"]
[WhiteElo "2334"]
[BlackElo "1974"]

1.e4 c5 2.Nf3 Nc6 3.Bb5 Nd4 4.Nxd4 cxd4 5.O-O a6 6.Bc4 e6 7.d3 b5 8.Bb3 Bb7
9.f4 Ne7 10.Nd2 Nc6 11.Nf3 Be7 12.Bd2 Bf6 13.Qe1 O-O 14.Qg3 d6 15.e5 Be7
16.f5 Nxe5 17.Nxe5 dxe5 18.Bh6 Bf6 19.Bxg7 Bh4 20.Qxe5 f6 21.Qf4 Bg5 22.Qg4 Kxg7
23.h4 exf5 24.Rxf5 Bc8 25.Raf1 Bxf5 26.Rxf5 h6 27.hxg5 hxg5 28.Rd5 Qe8 29.Rd7+ Kg6
30.Be6 f5 31.Qh3 g4 32.Qh7+ Kg5 33.Rg7+ Kf6 34.Qh6+ Ke5 35.Bd7 Rh8 36.Qc6 Qf8
37.Qe6+ Kf4 38.g3+ Kxg3 39.Qe5+  1-0

[Event "ch-ESP Abierto"]
[Site "Leon ESP"]
[Date "2006.11.24"]
[Round "3"]
[White "Rodriguez Perez,JosJ"]
[Black "Garcia Garcia,R"]
[Result "0-1"]
[WhiteElo "2133"]
[BlackElo "2289"]

1.e4 c5 2.Nf3 Nc6 3.Bb5 Nf6 4.Qe2 d6 5.c3 a6 6.Ba4 b5 7.Bc2 e5 8.h3 g6 9.O-O Bg7
10.Rd1 O-O 11.d4 exd4 12.cxd4 Nxd4 13.Nxd4 cxd4 14.Rxd4 Bb7 15.Nc3 Nh5 16.Rd1 Be5
17.Bh6 Re8 18.Qd2 b4 19.Nd5 a5 20.Ba4 Bxd5 21.exd5 Re7 22.Bg5 Bf6 23.Bxf6 Nxf6
24.Re1 Raa7 25.Qd4 Rxe1+ 26.Rxe1 Re7 27.Rxe7 Qxe7 28.Kf1 Ne4 29.Bc2 Nc5 30.f3 Qe5
31.Qxe5 dxe5 32.Ke2 Kf8 33.Ke3 Ke7 34.f4 f6 35.fxe5 fxe5 36.h4 Kd6 37.g4 Kxd5
38.h5 gxh5 39.gxh5 h6 40.Kf3 Ke6 41.Kg4 Kf6 42.Kh4 e4 43.Kg3 Ke5 44.Kf2 Kf4
45.Ke2 e3 46.Bd1 Ne4 47.Ke1 Ng3 48.a3 Kg5 49.axb4 axb4 50.Bf3 Kf4 51.Bd1 Ke4
52.Bc2+ Kf3 53.Ba4 Kg4 54.Be8 Nxh5 55.Ke2 Nf6  0-1

[Event "ch-ESP Abierto"]
[Site "Leon ESP"]
[Date "2006.11.24"]
[Round "3"]
[White "Almagro Llamas,P"]
[Black "Fernandez Romero,Ern"]
[Result "1/2-1/2"]
[WhiteElo "2404"]
[BlackElo "2442"]

1.e4 c5 2.Nf3 Nc6 3.Bb5 a6 4.Bxc6 dxc6 5.h3 e5 6.d3 Qc7 7.Be3 Bd6 8.a4 a5
9.Na3 Ne7 10.Nc4 f6 11.Nfd2 b6 12.Nxd6+ Qxd6 13.Nc4 Qc7 14.b4 axb4 15.a5 bxa5
16.Bxc5 O-O 17.Bxb4 Bg4 18.Qxg4 axb4 19.Qe6+ Kh8 20.O-O Ng6 21.g3 h6 22.Rfb1 c5
23.h4 Ne7 24.Qb6 Qxb6 25.Nxb6 Rxa1 26.Rxa1 Nc6 27.Nc4 Nd4 28.Ne3 h5 29.Ra7 Rb8
30.Rc7 b3 31.cxb3 Rxb3 32.Rxc5 Rxd3 33.Rc7 Rd2 34.Kg2 Ra2 35.Rd7  1/2-1/2

[Event "19th Belgrade Trophy"]
[Site "Belgrade SRB"]
[Date "2006.11.25"]
[Round "4"]
[White "Radosavljevic,S"]
[Black "Markovic,Zi"]
[Result "1-0"]
[WhiteElo "2254"]
[BlackElo "1965"]

1.e4 c5 2.Nf3 Nc6 3.Bb5 g6 4.O-O d6 5.d4 cxd4 6.Qxd4 f6 7.Qd3 Bd7 8.Nc3 a6
9.Bc4 Rc8 10.a3 e6 11.Ba2 h5 12.e5 f5 13.exd6 Qf6 14.Bg5 Qf7 15.Rfe1 Nf6
16.Bxf6 Qxf6 17.Bxe6 Kd8 18.Nd5 Qg7 19.Nb6 Bxe6 20.Rxe6 Qxb2 21.Re8+ Kxe8
22.d7+ Kf7 23.dxc8=Q Qxa1+ 24.Qf1 Qxa3 25.Qxb7+ Ne7 26.Nd5 Rh7 27.Ng5+  1-0

[Event "19th Belgrade Trophy"]
[Site "Belgrade SRB"]
[Date "2006.11.26"]
[Round "5"]
[White "Kizov,A"]
[Black "Pavlovic,Milo2"]
[Result "1/2-1/2"]
[WhiteElo "2390"]
[BlackElo "2440"]

1.e4 c5 2.Nf3 Nc6 3.Bb5 d6 4.O-O Bd7 5.c3 a6 6.Ba4 Nf6 7.Re1 e5 8.h3 Be7
9.d4 b5 10.Bc2 cxd4 11.cxd4 O-O 12.Nc3 Rc8 13.dxe5 Nxe5 14.Nxe5 dxe5 15.Bb3 b4
16.Nd5 Nxd5 17.Bxd5 Bc6 18.Bxc6 Rxc6  1/2-1/2

[Event "ch-ESP Abierto"]
[Site "Leon ESP"]
[Date "2006.11.26"]
[Round "5"]
[White "Almagro Llamas,P"]
[Black "Vega Gutierrez,S"]
[Result "1/2-1/2"]
[WhiteElo "2404"]
[BlackElo "2299"]

1.e4 c5 2.Nf3 Nc6 3.Bb5 e6 4.Bxc6 bxc6 5.d3 Ne7 6.O-O Ng6 7.Ng5 e5 8.Qh5 Qf6
9.f4 exf4 10.Nh3 d6 11.Nxf4 Nxf4 12.Bxf4 Qg6 13.Qe2 Be7 14.Nd2 Be6 15.Qe3 Rb8
16.b3 O-O 17.Kh1 Rbe8 18.Qg3 Qxg3 19.Bxg3 f5 20.exf5 Rxf5 21.Rxf5 Bxf5 22.Re1 d5
23.Nf3 c4 24.dxc4 dxc4 25.bxc4 Kf8 26.Ne5 Bxc2 27.Nxc6 Bc5 28.Ne5 Kg8 29.h3 Rd8
30.Bf4 Rd4 31.Bh2 Bb4 32.Rc1 Be4 33.Nf3 Bxf3 34.gxf3 Rd3 35.c5 Rxf3 36.c6 Ba5
37.c7 Bxc7 38.Rxc7 Ra3 39.Rc2 Rxh3 40.Rc8+ Kf7 41.Rc7+ Kf6 42.Rxa7 g5 43.Kg2 Rd3
44.Bg1 h5 45.a4 h4 46.Bf2 h3+ 47.Kh2 Rd2 48.Kg3 h2 49.Rh7 Ra2 50.Rxh2 Rxa4
51.Be3 Ra3 52.Kf3 Kf5 53.Rh5 Kf6 54.Rh8 Kf5 55.Rf8+ Kg6 56.Rb8 Kf5 57.Rb5+ Kf6
58.Ke4 Ra4+ 59.Kf3 Ra3 60.Rc5 g4+ 61.Ke4 Ra4+ 62.Bd4+ Kg6 63.Rd5 Ra3 64.Kf4 g3
65.Rg5+ Kh6 66.Rg4 Kh5 67.Rg8 Rb3 68.Be5 Kh6 69.Kf5 Rf3+ 70.Ke4 Ra3 71.Bxg3 Ra5
72.Be5 Kh7 73.Rg2 Ra3 74.Kf5 Rf3+ 75.Ke6 Kh6 76.Bf6 Kh5 77.Ke5 Rf1 78.Rg5+ Kh6
79.Ke6 Re1+ 80.Kf7 Rf1 81.Rg4 Rf5 82.Rh4+ Rh5 83.Rg4 Rf5 84.Rg1 Kh5 85.Ke6 Rf4
86.Rg8 Rg4 87.Rh8+ Kg6 88.Ke5 Kf7 89.Kf5 Ra4 90.Rh7+ Ke8 91.Re7+ Kf8 92.Rb7 Ke8
93.Be5 Ra6 94.Bc3 Rd6 95.Rh7 Rd7 96.Rh8+ Kf7 97.Be5 Ke7 98.Rg8 Kf7 99.Rc8 Ke7
100.Rc6 Kf7 101.Bd6 Ke8 102.Ke5 Rf7 103.Ra6 Rd7 104.Bc5 Rf7 105.Rh6 Rd7 106.Rh8+ Kf7
107.Rf8+ Kg6 108.Ke6 Rc7 109.Bd6 Rc6 110.Rg8+ Kh7 111.Rg2 Kh6 112.Ke5 Ra6
113.Rg1 Rb6 114.Kd5 Kh5 115.Be5 Rg6 116.Rh1+ Kg4 117.Ke4 Kg5 118.Rf1 Kh5
119.Bf4 Rg4 120.Kf3 Rg8 121.Re1  1/2-1/2

[Event "19th Belgrade Trophy"]
[Site "Belgrade SRB"]
[Date "2006.11.27"]
[Round "6"]
[White "Vratonjic,S"]
[Black "Kojovic,D"]
[Result "0-1"]
[WhiteElo "2467"]
[BlackElo "2367"]

1.e4 c5 2.Nf3 Nc6 3.Bb5 g6 4.Bxc6 bxc6 5.O-O Bg7 6.Re1 Nh6 7.c3 f6 8.d4 cxd4
9.cxd4 Nf7 10.Nc3 d6 11.h3 O-O 12.Be3 Qc7 13.Rc1 Qb7 14.Qc2 Bd7 15.Nd2 e5
16.f4 exd4 17.Bxd4 c5 18.Bf2 f5 19.Nc4 Be6 20.b3 Rfe8 21.exf5 Bxf5 22.Qd2 Qb4
23.Re3 Rxe3 24.Qxe3 Qb7 25.Rd1 Bd4 26.Qd2 Bg7 27.Nd5 Be4 28.Bh4 Bd4+ 29.Nde3 d5
30.Nb2 Qb4 31.Bf2 Qxd2 32.Rxd2 Bc3 33.Re2 Rc8 34.Na4 Bg7 35.Nd1 c4 36.bxc4 Rxc4
37.Nc5 Rc1 38.Re1 Nd6 39.Nxe4 Nxe4 40.Ne3 Rxe1+ 41.Bxe1 d4 42.Nc4 d3 43.Kf1 Kf7
44.g4 Ke6 45.Nd2 Kd5 46.Nxe4 Kxe4 47.Bd2 Bh6 48.g5 Bf8 49.Kg2 Bc5 50.f5 gxf5
51.h4 Be3  0-1

[Event "Capablanca mem Open"]
[Site "Havana CUB"]
[Date "2006.11.27"]
[Round "7"]
[White "Puntier,W"]
[Black "Pozo Vera,S"]
[Result "0-1"]
[WhiteElo "2337"]
[BlackElo "2462"]

1.e4 c5 2.Nf3 Nc6 3.Bb5 d6 4.O-O Bd7 5.c3 Nf6 6.Re1 a6 7.Ba4 b5 8.Bc2 Bg4
9.d3 e6 10.Nbd2 Be7 11.h3 Bh5 12.Nf1 d5 13.Ng3 Bg6 14.Nh4 Qc7 15.exd5 Nxd5
16.Nxg6 hxg6 17.Ne4 O-O 18.Ng5 b4 19.Ne4 Rad8 20.Bd2 bxc3 21.bxc3 Nf4 22.Qf3 Nxd3
23.Bxd3 Ne5 24.Qg3 Rxd3 25.Re3 Rfd8 26.c4 Qb8 27.Rae1 Rxe3 28.Bxe3 Nxc4 29.Qxb8 Rxb8
30.Bxc5 Bxc5 31.Nxc5 a5 32.Re4 Rb1+ 33.Kh2 Nd2 34.Ra4 Rb5 35.Nd3 g5 36.f3 f5
37.Rd4 Nf1+ 38.Kg1 Rb1 39.Kf2 f4 40.Rc4 Ng3 41.Rc1 Rb5 42.Rc5 Rb1 43.Rc1 Rb6
44.h4 Rd6 45.Rc3 gxh4 46.Nxf4 Rd2+ 47.Ke3 Rxa2 48.Kd4 Ra4+ 49.Rc4 e5+  0-1

[Event "19th Belgrade Trophy"]
[Site "Belgrade SRB"]
[Date "2006.11.28"]
[Round "7"]
[White "Nestorovic,DN"]
[Black "Damjanovic,D"]
[Result "1-0"]
[WhiteElo "2400"]
[BlackElo "2276"]

1.e4 c5 2.Nf3 Nc6 3.Bb5 d6 4.O-O Bd7 5.Re1 Nf6 6.h3 Ne5 7.Bxd7+ Nfxd7 8.b3 g6
9.Nxe5 dxe5 10.Bb2 Bg7 11.d3 O-O 12.Nd2 Nb8 13.Nc4 Nc6 14.Qd2 e6 15.a3 a5
16.a4 b6 17.Qe3 Qc7 18.Rab1 Rad8 19.Qg3 Rd7 20.Re2 Nd4 21.Bxd4 Rxd4 22.Rbe1 Rb8
23.Qg5 Qd8 24.Qxd8+ Rdxd8 25.g3 Kf8 26.Kg2 Ke7 27.Rf1 Rf8 28.f4 exf4 29.Rxf4 e5
30.Rf1 Ke6 31.Ref2 f6 32.Rf3 Rf7 33.Ne3 Bf8 34.Nd5 Be7 35.g4 h6 36.h4 Bd8
37.Ne3 Be7 38.Kf2 Rh8 39.h5 g5 40.Ke2 Rc8 41.Rf5 Bd8 42.Nd5 Rc6 43.Kd2 Rd6
44.Ne3 Rb7 45.Kc3 Rdd7 46.Nd5 Rf7 47.Kc4 Rbd7 48.c3 Rd6 49.R5f2 Rc6 50.Kb5 Rd6
51.Kc4 Rc6 52.Rc2 Rd7 53.Kb5 Rcd6 54.Rd2 Ra7 55.Ne3 Rdd7 56.Nd5 Rd6 57.d4 cxd4
58.cxd4 Rad7 59.Rf5 Rxd5+ 60.exd5+ Rxd5+ 61.Kc4 Be7 62.Rd3 e4 63.Re3 Rxf5
64.Rxe4+ Re5 65.dxe5 f5 66.gxf5+ Kxf5 67.Kd5 g4 68.Re1 g3 69.Rg1 Kg4 70.e6 Kf3
71.Kc6 Bc5 72.Rb1 Kg4 73.Rc1 Kf5 74.Rxc5+ bxc5 75.e7 g2 76.e8=Q  1-0

[Event "19th Belgrade Trophy"]
[Site "Belgrade SRB"]
[Date "2006.11.28"]
[Round "7"]
[White "Stojanovic,Da"]
[Black "Zivkovic,S"]
[Result "1-0"]
[WhiteElo "2469"]
[BlackElo "2307"]

1.e4 c5 2.Nf3 Nc6 3.Bb5 g6 4.O-O Bg7 5.Re1 Nf6 6.e5 Nd5 7.Nc3 Nc7 8.Bxc6 dxc6
9.Ne4 Ne6 10.d3 O-O 11.Be3 b6 12.Qd2 Nd4 13.Nxd4 cxd4 14.Bh6 c5 15.b3 Bb7
16.Bxg7 Kxg7 17.Ng3 Qd5 18.f3 Qe6 19.Re2 Rad8 20.Rae1 h6 21.f4 Rd7 22.f5 gxf5
23.Nh5+ Kh7 24.Nf4 Qc6 25.e6 Rd6 26.exf7 Bc8 27.Rxe7 Rf6 28.Rxa7 R6xf7 29.Ree7 Qf6
30.Qe1  1-0

[Event "19th Belgrade Trophy"]
[Site "Belgrade SRB"]
[Date "2006.11.28"]
[Round "7"]
[White "Savic,Miod1"]
[Black "Pap,M"]
[Result "1-0"]
[WhiteElo "2527"]
[BlackElo "2430"]

1.e4 c5 2.Nf3 Nc6 3.Bb5 g6 4.O-O Bg7 5.Re1 e5 6.Bxc6 dxc6 7.d3 Qe7 8.Nbd2 Nf6
9.Nc4 Nd7 10.a4 Nb6 11.Ne3 Be6 12.b3 O-O 13.Bb2 f6 14.Ba3 f5 15.a5 Nd7 16.exf5 gxf5
17.Bb2 e4 18.Bxg7 Qxg7 19.dxe4 fxe4 20.Qd6 Rae8 21.Nd2 Ne5 22.Kh1 Bc8 23.Nxe4 c4
24.f3 cxb3 25.cxb3 Rd8 26.Qc5 Nd3 27.Qc4+ Kh8 28.Rf1 Rfe8 29.Rad1 Be6 30.Qc2 Qd4
31.Nc4 Bf5 32.Rd2 Bxe4 33.fxe4 Rxe4 34.h3 Rf4 35.Rfd1 Nf2+ 36.Kh2 Nxd1 37.Rxd4 Rfxd4
38.Ne5 Ne3 39.Qc3 Nd1 40.Qg3 Rf8 41.Nf7+ Rxf7 42.Qe5+ Kg8 43.Qxd4 Nf2 44.g4 a6
45.b4 Kf8 46.Qd8+ Kg7 47.Kg2 h6 48.Qd4+ Kh7 49.Kg3 Nh1+ 50.Kh4  1-0

[Event "19th Belgrade Trophy"]
[Site "Belgrade SRB"]
[Date "2006.11.28"]
[Round "7"]
[White "Bojchev,M"]
[Black "Nikolov,M"]
[Result "1-0"]
[WhiteElo "2305"]
[BlackElo "2448"]

1.e4 c5 2.Nf3 Nc6 3.Bb5 e6 4.Bxc6 bxc6 5.d3 Ne7 6.b3 Ng6 7.Bb2 d6 8.e5 dxe5
9.Nxe5 Nxe5 10.Bxe5 Qd5 11.Qe2 Qxg2 12.Rf1 Be7 13.Nd2 f6 14.Bg3 e5 15.O-O-O O-O
16.Rg1 Qd5 17.f4 c4 18.Nxc4 Qd4 19.Kb1 Bc5 20.Qg2 Qd5 21.Bf2 Qxg2 22.Rxg2 Bxf2
23.Rxf2 exf4 24.Rxf4 Be6 25.Re1 Bd5 26.Ne3 Rae8 27.Kc1 g5 28.Rff1 Be6 29.Kd2 Kg7
30.Nf5+ Bxf5 31.Rxf5 Rxe1 32.Kxe1 Re8+ 33.Kf2 Re5 34.Rxe5 fxe5 35.b4 h5 36.a4 Kf6
37.c4 e4 38.d4 g4 39.b5 cxb5 40.cxb5 h4 41.a5 h3 42.b6 axb6 43.a6 e3+ 44.Kxe3 g3
45.a7 g2 46.Kf2  1-0

[Event "19th Belgrade Trophy"]
[Site "Belgrade SRB"]
[Date "2006.11.29"]
[Round "8"]
[White "Stancic,L"]
[Black "Stankovic,G"]
[Result "1/2-1/2"]
[WhiteElo "1927"]
[BlackElo "2074"]

1.e4 c5 2.Nf3 Nc6 3.Bb5 g6 4.Bxc6 dxc6 5.h3 Bg7 6.d3 e5 7.Bg5 f6 8.Be3 b6
9.Qc1 Be6 10.a4 a5 11.Na3 Ne7 12.O-O g5 13.b3 h5 14.h4 g4 15.Ne1 Ng6 16.g3 O-O
17.Bh6 Ra7 18.Bxg7 Kxg7 19.Ng2 f5 20.exf5 Rxf5 21.Nc4 Raf7 22.Nd2 Qd4 23.Ne4 Bd5
24.Ne3 Bxe4 25.dxe4 Qxe4 26.Nxf5+ Rxf5 27.Qd2 Rf3 28.Rad1 Qd4 29.Qg5 Rxg3+
30.Kh2 Rh3+ 31.Kg1 Rg3+ 32.Kh2 Rh3+ 33.Kg1 Rg3+ 34.Kh2 Rh3+ 35.Kg1  1/2-1/2

[Event "ch-ESP Abierto"]
[Site "Leon ESP"]
[Date "2006.11.29"]
[Round "8"]
[White "Cantalapiedra Vega,F"]
[Black "Saenz Narciso,M"]
[Result "0-1"]
[WhiteElo "1928"]
[BlackElo "2141"]

1.e4 c5 2.Nf3 Nc6 3.Bb5 e6 4.Bxc6 bxc6 5.d3 Ne7 6.Bf4 Ng6 7.Bg3 d6 8.O-O e5
9.Nbd2 Be7 10.Re1 O-O 11.c3 Rb8 12.Qc1 Qc7 13.d4 cxd4 14.cxd4 Ba6 15.b3 exd4
16.Nxd4 Bf6 17.Qxc6 Qxc6 18.Nxc6 Rbc8 19.e5 dxe5 20.Nb4 Bb7 21.Nc4 Be7 22.a3 f6
23.Red1 Rfd8 24.Rxd8+ Rxd8 25.Na5 Bxb4 26.axb4 Bd5 27.Nc4 Rd7 28.f3 Rb7 29.Be1 Nf4
30.Na5 Rc7 31.Kf1 Nd3 32.Rd1 e4 33.fxe4 Bxe4 34.Nc4 Nxe1 35.Rxe1 Bd3+ 36.Kf2 Bxc4
37.Rc1 Rb7 38.Rxc4 Kf7 39.Ke3 a5 40.bxa5 Rxb3+ 41.Kf2 Ra3 42.Rc5 Kg6 43.h3 h5
44.g3 h4 45.gxh4 Rxh3 46.h5+ Kh6 47.Kg2 Ra3 48.Kf2 g6 49.hxg6 Kxg6 50.Kg2 f5
51.Kf2 Kg5 52.Rb5 Kg4 53.Rb4+ f4 54.Rb2 Rxa5 55.Rc2 Rh5 56.Rc8 Rh2+ 57.Kg1 Rb2
58.Kf1 Kg3 59.Rc1 Rh2 60.Kg1 f3 61.Rc3 Rg2+ 62.Kf1 Rb2 63.Rc1 Rh2  0-1

[Event "ch-ESP Abierto"]
[Site "Leon ESP"]
[Date "2006.11.30"]
[Round "9"]
[White "Marcos Robles,J"]
[Black "Rodriguez Yague,F"]
[Result "1-0"]
[WhiteElo "1728"]
[BlackElo "1842"]

1.e4 c5 2.Nf3 Nc6 3.Bb5 e6 4.d4 cxd4 5.Nxd4 Nge7 6.O-O a6 7.Be2 Nxd4 8.Qxd4 Nc6
9.Qd3 Nb4 10.Qb3 Qc7 11.c3 Nc6 12.Nd2 Bc5 13.Nf3 b5 14.c4 b4 15.Be3 Na5 16.Qd3 Bxe3
17.Qxe3 Bb7 18.b3 Nc6 19.e5 Ne7 20.Ng5 Nf5 21.Qf4 h6 22.Nf3 g5 23.Qd2 g4
24.Nd4 Qxe5 25.Nxf5 Qxf5 26.Rad1 Bc6 27.f3 Qc5+ 28.Kh1 gxf3 29.Bxf3 a5 30.Bxc6 Qxc6
31.Qf4 f5 32.Rfe1 Rg8 33.Re2 O-O-O 34.Rd6 Qb7 35.Qe5 Qa7 36.Qb5 Kc7 37.Red2 Kc8
38.Ra6 Qb7 39.Qc5+ Qc7 40.Ra8+  1-0

[Event "ch-ROM"]
[Site "Predeal ROM"]
[Date "2006.12.01"]
[Round "5"]
[White "Parligras,M"]
[Black "Chirila,I"]
[Result "1-0"]
[WhiteElo "2511"]
[BlackElo "2308"]

1.e4 c5 2.Nf3 Nc6 3.Bb5 d6 4.O-O Bd7 5.Re1 Nf6 6.c3 a6 7.Bf1 Bg4 8.d3 e5
9.h3 Bxf3 10.Qxf3 Be7 11.Na3 O-O 12.Nc4 Ne8 13.g3 b5 14.Ne3 Bg5 15.h4 Bh6
16.Bh3 Nc7 17.Qg4 Ne6 18.a3 Kh8 19.Qh5 Ne7 20.b4 g6 21.Qd1 Rc8 22.Qb3 c4
23.dxc4 Bxe3 24.Bxe3 Rxc4 25.Bh6 Re8 26.Bf1 Rc6 27.a4 bxa4 28.Rxa4 Qc7 29.Bd2 Qb7
30.Qa2 Rb8 31.b5 Rcc8 32.bxa6 Qd7 33.Rb4 Nc6 34.Rxb8 Rxb8 35.Rb1 Rxb1 36.Qxb1 Kg7
37.Be3  1-0

[Event "ch-ROM"]
[Site "Predeal ROM"]
[Date "2006.12.01"]
[Round "5"]
[White "Valeanu,E"]
[Black "Stanculescu,C"]
[Result "1-0"]
[WhiteElo "2361"]
[BlackElo "2229"]

1.e4 c5 2.Nf3 Nc6 3.Bb5 g6 4.Bxc6 bxc6 5.O-O Bg7 6.Re1 f6 7.c3 Nh6 8.d4 cxd4
9.cxd4 Nf7 10.b3 O-O 11.Bb2 e5 12.Nbd2 d5 13.Qc2 dxe4 14.Qxe4 Nd6 15.Qe2 e4
16.Nxe4 Re8 17.Qc2 Rxe4 18.Rxe4 Bf5 19.Nd2 Bh6 20.f3 Be3+ 21.Kh1 Bxd2 22.Qxd2 Bxe4
23.fxe4 Nxe4 24.Qc2 Qd5 25.Rc1 Re8 26.Kg1 Re6 27.Qc4 Qf5 28.Qf1 Qg5 29.Qd3 Qf4
30.Rf1 Qd6 31.Bc1 Qb4 32.a3 Qc3 33.Rd1 Qxd3 34.Rxd3 Rd6 35.Kf1 Kf7 36.Ke2 Ke6
37.Bb2 f5 38.Bc1 Kd5 39.Bf4 Re6 40.Be5 a6 41.Kf3 Re7 42.h4 Rb7 43.Kf4 h6
44.h5 gxh5 45.Kxf5 Rf7+ 46.Kg6  1-0

[Event "ch-ROM"]
[Site "Predeal ROM"]
[Date "2006.12.02"]
[Round "6"]
[White "Sofronie,I"]
[Black "Parligras,M"]
[Result "1/2-1/2"]
[WhiteElo "2421"]
[BlackElo "2511"]

1.e4 c5 2.Nf3 Nc6 3.Bb5 d6 4.O-O Bd7 5.Re1 Nf6 6.h3 g6 7.c3 Ne5 8.Bxd7+ Nfxd7
9.Nxe5 dxe5 10.d3 Bg7 11.Qb3 Qc7 12.a4 O-O 13.Bg5 Rfe8 14.Na3 Nf8 15.Be3 Red8
16.Red1 Ne6 17.a5 Rd7 18.a6 bxa6 19.Nc4 Rad8 20.Rxa6 Rxd3 21.Rxd3 Rxd3 22.Qa4 Rd7
23.Rc6 Rd1+ 24.Qxd1 Qxc6 25.Qd5 Qc7 26.Qa8+ Bf8 27.Qd5 Bg7  1/2-1/2

[Event "Polyarniy Krug"]
[Site "Salekhard RUS"]
[Date "2006.12.02"]
[Round "4"]
[White "Savitskaya,N"]
[Black "Kochetkova,J"]
[Result "1-0"]
[WhiteElo "1932"]
[BlackElo "2342"]

1.e4 c5 2.Nf3 Nc6 3.Bb5 g6 4.O-O Bg7 5.c3 Nf6 6.Re1 O-O 7.e5 Nd5 8.d4 cxd4
9.cxd4 Nc7 10.Bxc6 dxc6 11.Nc3 Bg4 12.Be3 Nd5 13.Bg5 Nxc3 14.bxc3 Qd7 15.h3 Be6
16.Nd2 Rad8 17.Ne4 b6 18.a4 c5 19.Be3 Qc6 20.Nd2 cxd4 21.Bxd4 Rd7 22.Qe2 Bd5
23.f3 Rc8 24.Reb1 f6 25.f4 Bh6 26.g3 Qe6 27.Kh2 Qf5 28.a5 bxa5 29.Rxa5 Qc2
30.exf6 Bc4 31.Qe3 exf6 32.Rb4 Bf7 33.Rab5 Rdd8 34.Rb2 Qc1 35.Rb1 Qc2 36.R1b2 Qa4
37.Ne4 Bg7 38.Nxf6+ Kh8 39.Rb7 Qc4 40.Qe7 Rxd4 41.cxd4 Qd3 42.Rb8  1-0

[Event "XV Asiad Men's Rapid"]
[Site "Doha QAT"]
[Date "2006.12.03"]
[Round "6"]
[White "Sadvakasov,D"]
[Black "Amanov,M"]
[Result "1/2-1/2"]
[WhiteElo "2596"]
[BlackElo "2339"]

1.e4 c5 2.Nf3 Nc6 3.Bb5 g6 4.O-O Bg7 5.c3 Nf6 6.Re1 O-O 7.d4 cxd4 8.cxd4 d5
9.e5 Ne4 10.Bxc6 bxc6 11.Nc3 Nxc3 12.bxc3 Qa5 13.Qb3 Bf5 14.Qa3 Qxa3 15.Bxa3 Rfe8
16.h3 Bh6 17.Bc1 Bf8 18.g4 Bd3 19.Re3 Ba6 20.e6 f6 21.Re1 Reb8 22.Nd2 Bh6
23.Nb3 Bxc1 24.Rexc1 Bc4 25.Nc5 Rb2 26.a4 Rab8 27.Kg2 Rd2 28.Rab1 Rbb2 29.Rxb2 Rxb2
30.h4 h6 31.Kg3 Kg7 32.f3 g5 33.hxg5 hxg5 34.f4 gxf4+ 35.Kxf4 Kg6 36.Re1 Rf2+
37.Kg3 Rc2 38.Re3 Bf1 39.Kf4 Rf2+ 40.Kg3 Rg2+ 41.Kf3 Rc2 42.Kf4 Rf2+ 43.Kg3 Rg2+  1/2-1/2

[Event "90th ch-Marshall CC"]
[Site "New York USA"]
[Date "2006.12.03"]
[Round "4"]
[White "Izoria,Z"]
[Black "Bonin,J"]
[Result "1-0"]
[WhiteElo "2657"]
[BlackElo "2310"]

1.e4 c5 2.Nf3 Nc6 3.Bb5 Nd4 4.Nxd4 cxd4 5.O-O e6 6.c3 Bc5 7.b4 Bb6 8.Bb2 Qh4
9.c4 Qxe4 10.c5 Bc7 11.Re1 Qd5 12.Na3 Nf6 13.Be2 O-O 14.Bf3 Qg5 15.Nb5 Bb8
16.Bxd4 d5 17.Nd6 Nd7 18.Qb3 Bxd6 19.cxd6 Qd8 20.Rac1 Nb6 21.Be5 Kh8 22.d3 Bd7
23.Rc7 f6 24.Bg3 e5 25.d4 e4 26.Be2 Be6 27.b5 Nc4 28.Bxc4 dxc4 29.Qd1 Bd5
30.Qh5 Bg8 31.Rxe4 Rc8 32.h4 c3 33.Qc5 Bxa2 34.Qxc3 Rxc7 35.dxc7 Qc8 36.Qc5 b6
37.Qc6 Qa8 38.Qxa8 Rxa8 39.d5  1-0

[Event "Polyarniy Krug"]
[Site "Salekhard RUS"]
[Date "2006.12.05"]
[Round "7"]
[White "Musakaev,E"]
[Black "Nachev,S"]
[Result "0-1"]
[WhiteElo "2254"]
[BlackElo "2418"]

1.e4 c5 2.Nf3 Nc6 3.Bb5 e6 4.Bxc6 bxc6 5.d3 Ne7 6.Qe2 f6 7.O-O Ng6 8.h4 Qc7
9.g3 Be7 10.h5 Ne5 11.Nxe5 Qxe5 12.Nd2 Qc7 13.f4 O-O 14.e5 fxe5 15.fxe5 Rxf1+
16.Kxf1 Ba6 17.c4 Rf8+ 18.Nf3 d5 19.Kg2 Bc8 20.Bd2 h6 21.Ng1 Bd7 22.Nh3 Be8
23.Re1 Qd7 24.Bc1 Kh8 25.b3 Bf7 26.Rf1 Qe8 27.Nf4 Bg5 28.Ba3 Bxf4 29.Rxf4 Bg8
30.Rxf8 Qxf8 31.Qf3 Qxf3+ 32.Kxf3 Bh7 33.Ke3 dxc4 34.bxc4 Bf5 35.Bxc5 a6
36.Bb4 Kg8 37.Kd4 Kf7 38.Bd6 Ke8 39.Kc3 Bg4 40.Kb4 Bxh5 41.Ka5 Be2 42.Kxa6 Bxd3
43.Kb7 Bxc4 44.a4 g5 45.a5 c5 46.Bxc5 Kf7 47.a6 Kg6 48.a7 Kf5  0-1

[Event "FSGM December"]
[Site "Budapest HUN"]
[Date "2006.12.07"]
[Round "6"]
[White "Szabo,Kr1"]
[Black "Banusz,T"]
[Result "0-1"]
[WhiteElo "2476"]
[BlackElo "2450"]

1.e4 c5 2.Nf3 Nc6 3.Bb5 g6 4.O-O Bg7 5.c3 Nf6 6.Re1 O-O 7.h3 d6 8.d4 cxd4
9.cxd4 Bd7 10.Nc3 Rc8 11.Bg5 h6 12.Bf4 a6 13.Bf1 Na5 14.Qd2 Kh7 15.b3 b5
16.Bh2 Nb7 17.b4 e6 18.a4 Qb6 19.e5 Nd5 20.Nxd5 exd5 21.a5 Qd8 22.exd6 Be6
23.Qf4 Qf6 24.Qe3 Rfe8 25.Rac1 Bf8 26.Be5 Qd8 27.Rxc8 Bxc8 28.Qf4 Kg8 29.Rc1 g5
30.Qd2 Nxd6 31.Rc6 Nc4 32.Qc2 Re6 33.Rc7 Rxe5 34.Rxc8 Qxc8 35.Nxe5 Bxb4 36.Nxf7 Kxf7
37.Qh7+ Ke8 38.Qxh6 Be7 39.Bd3 Nd6 40.Qg6+ Kd7 41.Bf5+ Nxf5 42.Qxf5+ Kc7
43.Qxd5 Qd7 44.Qe4 Kb8 45.f4 gxf4 46.Qxf4+ Qc7 47.Qh6 Ka7 48.Qe3 Bd6 49.h4 b4
50.h5 Bf4 51.Qb3 Qc3 52.Qf7+ Bc7 53.d5 Qe1+  0-1